| 000 | 01391nam a2200337 4500 | ||
|---|---|---|---|
| 001 | 291 | ||
| 003 | OSt | ||
| 005 | 20250528074017.0 | ||
| 008 | 250317b |||||||e |||| 00| f eng d | ||
| 040 | _bpor | ||
| 041 |
_hfre _apor |
||
| 082 |
_a843 _bD886t |
||
| 100 | 1 |
_aDumas, Alexandre, _d1802-1870. _9555 |
|
| 240 | _a Les Trois Mousquetaires | ||
| 245 |
_aOs Três Mosqueteiros / _cDumas, Alexandre ; Tradução de Octávio Mendes Cajado |
||
| 250 | _a2 ed. | ||
| 260 |
_aSão Paulo _bAbril _c1971 |
||
| 300 | _a510 p. | ||
| 490 | 1 | _aOs Imortais da Literatura Universal | |
| 520 | _aOs Três Mosqueteiros é um romance histórico que narra as aventuras de d'Artagnan, um jovem gascão que parte para Paris com o sonho de se tornar mosqueteiro do rei. Lá, ele conhece três mosqueteiros experientes — Athos, Porthos e Aramis — e juntos enfrentam intrigas políticas e desafios em nome da Coroa francesa. A obra explora temas como amizade, honra e coragem, sendo um clássico da literatura de capa e espada. | ||
| 650 | 0 |
_aLiteratura francesa _9122 |
|
| 650 | 0 |
_aAventura _947 |
|
| 650 | 0 |
_aAmizade _9556 |
|
| 650 | 0 |
_aClássicos _977 |
|
| 650 | 0 |
_aHistórico _953 |
|
| 655 | 0 |
_aRomance _923 |
|
| 655 | 0 |
_aFicção _922 |
|
| 700 | 1 |
_aCajado, Octávio Mendes, _d1915- _eTRADUTOR _9525 |
|
| 830 |
_aOs Imortais da Literatura Universal _9461 _vvol. 07 |
||
| 942 |
_2ddc _n0 _cBK |
||
| 999 |
_c291 _d291 |
||